000 00627nam a22002057a 4500
005 20251108170828.0
008 250721s1984 xx 000 0 ara d
082 1 4 _a216,5/غزا
100 1 _aالغزالي، أبو حامد
245 1 0 _aالزواج الإسلامي السعيد و آداب اللقاء بين الزوجين /
264 1 _aبيروت :
_bدار النصر،
_c1984.
300 _a118ص
650 1 7 _aالإسلام
650 1 7 _aالفقه
650 1 7 _aالأسرة
650 1 7 _aالزواج
700 1 _aالخشت، محمد عثمان
_eتحقيق
942 _2ddc
_cBK
999 _c49992
_d49992